Statistics for EA Sports FIFA Consoles

Click here to take the quiz!

General Stats

  • This quiz has been taken 2,931 times
    (329 since last reset)
  • The average score is 15 of 36

Answer Stats

Console% Correct
Xbox
98%
PlayStation
96%
PlayStation 2
90%
PlayStation 4
90%
PlayStation 5
89%
PlayStation 3
88%
Xbox 360
85%
Xbox One
81%
Nintendo Switch
77%
Nintendo Wii
74%
Personal Computer
64%
Xbox Series X
61%
Nintendo DS
58%
PlayStation Portable
56%
Game Boy
47%
Nintendo Wii U
45%
Nintendo 3DS
43%
Nintendo GameCube
43%
PlayStation Vita
39%
Nintendo 64
35%
Mobile Phone
32%
Game Boy Color
27%
Game Boy Advance
25%
Sega Mega Drive
22%
Super Nintendo Entertainment System
19%
Sega Saturn
14%
Sega Game Gear
7%
Sega Master System
7%
Sega CD
6%
Google Stadia
5%
Amiga
4%
Nokia N-Gage
4%
Sega 32X
4%
Zeebo
4%
3DO
3%
Gizmondo
3%

Score Distribution

Percentile by Number Answered

Percent of People with Each Score

Your Score History

You have not taken this quiz since the last reset